00425nam a2200133Ia 4500999001700000082002100017100001800038245005400056260002600110300001000136504002900146942000700175952010900182 c15363d15363 aRR 016.32754 PAT aPatil, R.L.M. 0aIndia: Nuclear weapons and international politics aDelhibNationalc1969 a338p. aBibliography : p.131-338 cBK 00104070aNASSDOCbNASSDOCd2004-10-08l0oRR 016.32754 PATp3751r2019-04-18 00:00:00w2019-04-18yBK